| 000 | 00408nam a2200193Ia 4500 | ||
|---|---|---|---|
| 001 | 11565 | ||
| 003 | GE_BSU | ||
| 008 | 181216s||||||||xx |||||||||||||| ||und|| | ||
| 020 | _a009946477 | ||
| 040 | _cGE_BSU | ||
| 100 | _aHolland,James | ||
| 245 | 4 | _aThe Burning Blue | |
| 260 | _aLondon | ||
| 260 | _bArrow Books | ||
| 260 | _c2004 | ||
| 300 | _a530p;20cm. | ||
| 653 | _aThe Burning Blue | ||
| 942 | _cBK | ||
| 999 |
_c44760 _d44760 |
||